000 00761nam a22002297a 4500
005 20240530110354.0
008 141220s2010 ua o g 000 0cara d
017 _a20467/2009
_bمصر . دار الكتب المصرية
020 _a9772088118
040 _aEG-CaGPL
041 0 _aara
082 0 4 _221
_a920
_bم/م م
100 0 _aمحمود قاسم
245 1 0 _aموسوعة جائزة نوبل :
_b1901 - 2010 /
_cاعداد محمود قاسم
250 _aط 1
260 _aالقاهرة :
_bمكتبة مدبولى ،
_c2010
300 _a756 ص :
_bصور ؛
_c24 سم
650 0 4 _aجائزة نوبل
_xدوائر المعارف
650 0 4 _aجائزة نوبل
942 _2ddc
_cBK
999 _c60125
_d60125